000 00383nam a22001697a 4500
003 MPLRDC
005 20220104113828.0
008 210129b ||||| |||| 00| 0 eng d
082 _a857.7 FL-4
100 _a繁露
245 _a此情可问天
_c
250 _a初版
260 _a
_b汉麟出版社
_c1980
300 _b
650 _a长篇小说
942 _cBK
_o857.7 FL-4
999 _c2680
_d2670